Blood and capital : (Record no. 55948)
[ view plain ]
| 000 -LEADER | |
|---|---|
| fixed length control field | 02872nam a2200505 i 4500 |
| 001 - CONTROL NUMBER | |
| control field | ebr10900872 |
| 003 - CONTROL NUMBER IDENTIFIER | |
| control field | CaPaEBR |
| 006 - FIXED-LENGTH DATA ELEMENTS--ADDITIONAL MATERIAL CHARACTERISTICS--GENERAL INFORMATION | |
| fixed length control field | m o d |
| 007 - PHYSICAL DESCRIPTION FIXED FIELD--GENERAL INFORMATION | |
| fixed length control field | cr cn||||||||| |
| 008 - FIXED-LENGTH DATA ELEMENTS--GENERAL INFORMATION | |
| fixed length control field | 090127t20092009ohua ob 001 0 eng|d |
| 020 ## - INTERNATIONAL STANDARD BOOK NUMBER | |
| Cancelled/invalid ISBN | 9780896802674 (Ohio University Press : pbk. : alk. paper) |
| Cancelled/invalid ISBN | 0896802671 (Ohio University Press : pbk. : alk. paper) |
| Cancelled/invalid ISBN | 9781897071502 (Between the Lines : pbk. : alk. paper) |
| Cancelled/invalid ISBN | 1897071507 (Between the Lines : pbk. : alk. paper) |
| International Standard Book Number | 9780896804661 (e-book) |
| 040 ## - CATALOGING SOURCE | |
| Original cataloging agency | CaPaEBR |
| Language of cataloging | eng |
| Description conventions | rda |
| -- | pn |
| Transcribing agency | CaPaEBR |
| 035 ## - SYSTEM CONTROL NUMBER | |
| System control number | (OCoLC)891395152 |
| 043 ## - GEOGRAPHIC AREA CODE | |
| Geographic area code | s-ck--- |
| 050 14 - LIBRARY OF CONGRESS CALL NUMBER | |
| Classification number | HV6322.3.C7 |
| Item number | H75 2009eb |
| 082 04 - DEWEY DECIMAL CLASSIFICATION NUMBER | |
| Classification number | 986.106/35 |
| Edition number | 22 |
| 100 1# - MAIN ENTRY--PERSONAL NAME | |
| Personal name | Hristov, Jasmin, |
| Relator term | author. |
| 245 10 - TITLE STATEMENT | |
| Title | Blood and capital : |
| Remainder of title | the paramilitarization of Colombia / |
| Statement of responsibility, etc | Jasmin Hristov. |
| 264 #1 - PRODUCTION, PUBLICATION, DISTRIBUTION, MANUFACTURE, AND COPYRIGHT NOTICE | |
| Place of production, publication, distribution, manufacture | Athens : |
| Name of producer, publisher, distributor, manufacturer | Ohio University Press ; |
| Place of production, publication, distribution, manufacture | Toronto : |
| Name of producer, publisher, distributor, manufacturer | Between the Lines, |
| Date of production, publication, distribution, manufacture, or copyright notice | [2009] |
| Date of production, publication, distribution, manufacture, or copyright notice | �2009 |
| 300 ## - PHYSICAL DESCRIPTION | |
| Extent | 1 online resource (288 pages) : |
| Other physical details | illustrations. |
| 336 ## - CONTENT TYPE | |
| Content type term | text |
| Source | rdacontent |
| 337 ## - MEDIA TYPE | |
| Media type term | computer |
| Source | rdamedia |
| 338 ## - CARRIER TYPE | |
| Carrier type term | online resource |
| Source | rdacarrier |
| 490 1# - SERIES STATEMENT | |
| Series statement | Ohio University research in international studies. Latin America series ; |
| Volume number/sequential designation | number 48 |
| 504 ## - BIBLIOGRAPHY, ETC. NOTE | |
| Bibliography, etc | Includes bibliographical references (pages 237-[244]) and index. |
| 505 0# - FORMATTED CONTENTS NOTE | |
| Formatted contents note | Neoliberalism or neopoverty? The promises and the reality of the neoliberal agenda -- The war on the internal enemy : the origin, structure, mechanisms, and activities of the state's coercive apparatus -- The paraextension of the state's coercive apparatus : looking at the paramilitary monster -- The debt to humanity -- The legalization of illegality -- One of Colombia's "internal enemies" : the indigenous movement of Cauca -- Features of the new para-narco-state. |
| 588 ## - SOURCE OF DESCRIPTION NOTE | |
| Source of description note | Description based on print version record. |
| 590 ## - LOCAL NOTE (RLIN) | |
| Local note | Electronic reproduction. Palo Alto, Calif. : ebrary, 2014. Available via World Wide Web. Access may be limited to ebrary affiliated libraries. |
| 650 #0 - SUBJECT ADDED ENTRY--TOPICAL TERM | |
| Topical term or geographic name as entry element | Political persecution |
| Geographic subdivision | Colombia. |
| Topical term or geographic name as entry element | Paramilitary forces |
| Geographic subdivision | Colombia. |
| Topical term or geographic name as entry element | Torture |
| Geographic subdivision | Colombia. |
| Topical term or geographic name as entry element | Political violence |
| Geographic subdivision | Colombia. |
| Topical term or geographic name as entry element | Human rights |
| Geographic subdivision | Colombia. |
| 651 #0 - SUBJECT ADDED ENTRY--GEOGRAPHIC NAME | |
| Geographic name | Colombia |
| General subdivision | Politics and government |
| Chronological subdivision | 1974- |
| 655 #0 - INDEX TERM--GENRE/FORM | |
| Genre/form data or focus term | Electronic books. |
| 776 08 - ADDITIONAL PHYSICAL FORM ENTRY | |
| Display text | Print version: |
| Main entry heading | Hristov, Jasmin. |
| Title | Blood and capital : the paramilitarization of Colombia. |
| Place, publisher, and date of publication | Athens : Ohio University Press, [2009] |
| Physical description | xxiii, 263 pages ; 22 cm |
| Series data for related item | Ohio University research in international studies. Latin America series ; no. 48 |
| International Standard Book Number | 9780896802674 |
| Record control number | (OCoLC)ocn230198926 |
| -- | (DLC)10900872 |
| 797 2# - LOCAL ADDED ENTRY--CORPORATE NAME (RLIN) | |
| Corporate name or jurisdiction name as entry element | ebrary. |
| 830 #0 - SERIES ADDED ENTRY--UNIFORM TITLE | |
| Uniform title | Research in international studies. |
| Name of part/section of a work | Latin America series ; |
| Volume number/sequential designation | no. 48. |
| 856 40 - ELECTRONIC LOCATION AND ACCESS | |
| Uniform Resource Identifier | <a href="http://site.ebrary.com/lib/rucke/Doc?id=10900872">http://site.ebrary.com/lib/rucke/Doc?id=10900872</a> |
| Public note | An electronic book accessible through the World Wide Web; click to view |
No items available.
